| 000 | 00383 a2200133 4500 | ||
|---|---|---|---|
| 001 | 90554 | ||
| 082 | _aPR 964 | ||
| 090 |
_c42889 _d42889 |
||
| 100 | _aHaitham Shaheen; SKN Zaidi, Advisors | ||
| 245 |
_aPerformance comparison of seemingly equivalent aircraft _nG-28 |
||
| 260 |
_aKarachi _bNED University _c1988 |
||
| 300 |
_avii, 150 p. _bhand written |
||
| 500 | _aBE Project Reports | ||
| 942 |
_aCAE NUST _kPR 964 |
||
| 999 |
_c325627 _d325627 |
||